Quizzes
Events
Quiz Creation
Community
Videos
Private Events
Remove Ads
Sign In
Join for FREE
Feedback
Dark Mode
Quiz Categories
Sports
Geography
Music
Movies
Television
Just For Fun
Miscellaneous
History
Literature
Language
Science
Gaming
Entertainment
Religion
Holiday
For Kids
Quiz Lab
Recent
Popular Today
Quiz Kudos Today
Editor Picks
Curator Picks
Quizzes by...
Day
Popularity
Type
Ratings
Length
Year
Community
Subscriptions
Recent Discussions
Orange Saloon
Badges
Playlists
Quests
Create
Leaderboards
Showdown
Live 5
Trivia Bingo
Activity
Puzzle Library
Sporcle Events
Private Events
Virtual Trivia
Globe League
Become a Host
Pub Owners
SporcleCon
Opinionation
Our Games
Videos
Blog
Mobile Apps
Partnerships
Remove Ads and Go Orange
Feedback
Geography
Country
Landmarks
City
State
Population
World
Capital
Continent
Flags
Europe
Africa
Asia
South America
North America
Oceania
Border
Canada
United Kingdom
Topography
United States
Geography
Country
Landmarks
City
State
Population
World
Capital
Continent
Flags
Europe
Africa
Asia
South America
North America
Oceania
Border
Canada
United Kingdom
Topography
United States
Random Quiz
Search Sporcle
×
Quiz Lab
Quiz Lab
Geography
Interstate Highway
Type in answers that appear in a list
Type in answers that appear in a list
Classic
Best Score? Go Orange.
Massachusetts Interstates Stats
Can you name the Massachusetts Interstates in Under a Minute?
By
pcomer
60s
13 Questions
138 Plays
138 Plays
138 Plays
Comments
Comments
Give Quiz Kudos
Give Quiz Kudos
-
- Ratings
hide this ad
Replay
Link that replays current quiz
Next Quiz
Link to next quiz in quiz playlist
You Got
0%
They Got
Avg Score
83%
Avg Friend Score
Upgrade to see
Score Distribution
Jump to the score distribution portion of the page
Score
0/13
Timer
01:00
0
Plays Today
Interstates
% Correct
I-95
99.3%
I-93
98.6%
I-90
97.1%
I-91
95.7%
I-495
90.6%
I-290
84.8%
I-395
84.1%
I-195
83.3%
I-295
83.3%
I-190
82.6%
I-84
70.3%
I-291
66.7%
I-391
62.3%
Quiz Playlist
Details
Report
Send in Message
Add To Playlist
Classic:
Type in answers that appear in a list
Quiz Source
Last Updated: Feb 16, 2017
Quiz Scoreboard
CHALLENGE
Sign Up to Join the Scoreboard
Show All
Scores
Hide
Comments
May contain spoilers
Recently Published
Popular People in 1961
by mucciniale
History
6m
1-10 Letter E Words III
by El_Dandy
Language
2m
One Thing in Common: World Cities II
by knightlancer
Geography
7m
More to Explore
Quiz From the Vault
Featured Blog Post
Where Did the Easter Bunny Come From?
hide this ad
You Might Also Like...
Tags
Interstate Highway
massachusetts
Today's Top Quizzes in Geography
Browse Geography
hide this ad
Today's Top Quizzes in Interstate Highway
Browse Interstate Highway
Top Contributed Quizzes in Geography
1
Countries of the World - No Outlines Minefield
2
Top 25 Cities of France on a map
3
African Flag Reveal XLV
4
Closest Countries to UK A-Z
5
Blind Secret Country CLXXXVIII
6
Find the US States - No Outlines
7
One Thing in Common: Asia
8
One Thing in Common: United Kingdom
9
One Thing in Common: Geography
10
One Thing in Common: Around the World
Explore More
Trending Topics
Marvel
Anime
Crossword
Disney
Harry Potter
Kpop
NBA
Pokémon
Puzzle
WWE
NFL
Song
The Office
Soccer
Country
hide this ad
More By:
pcomer
Quiz
Plays
Rating
Category
Featured
Created
Europe by City Initials
250
5.00
Geography
Mar 17, 2013
Countries By City Initials
148
4.67
Geography
Mar 17, 2013
Massachusetts Interstates
138
5.00
Geography
Mar 10, 2013
Asia By City Initials
100
5.00
Geography
Nov 23, 2018
Go to Creator's Profile
Score Distribution
Quiz Creator Spotlight
pcomer
Follow
Send a Message
Quizzes Created
-
Created Quiz Play Count
-
More By This Creator
Popular Quizzes Today
1
Find the US States - No Outlines Minefield
2
The Countries of the World
3
Find the Countries of Europe - No Outlines Minefield
4
Popular People in 1961
5
1-10 Letter E Words III
6
Find the US States
7
One Thing in Common: World Cities II
8
US States
More Geography Quizzes
Russia Sorting Gallery
Editor's Pick
Trending Quizzes
Risky Map Clicking: Least Populous States A-Z
1-10 Letter F Words
1-10 Letter G Words
One Thing in Common: United Kingdom
Risky Map Clicking: Next State Alphabetically
Recently Updated
Leaping Animals
pecheneg
Reality TV Shows (A-Z)
bhenderson79
Rickey Henderson's Hall of Fame Teammates
pecheneg
Champions League XIs: Arsenal
pecheneg
Quick Pick: Celebrities in WWE's Hall of Fame
aduchscher
A-Z Keypad Blitz II
pecheneg
Multiple Oscar Actors
pecheneg
Mystery Phrase Blitz: Oscar 'Best Actors'
pecheneg
F. Scott Fitzgerald Novels
LTH
Pick 3 Villains
ddd62291
Trending Topics
Anime
Kpop
Harry Potter
Crossword
Marvel
NBA
Disney
Song
Puzzle
NFL
WWE
The Office
Pokémon
Country
Soccer
Your Account Isn't Verified!
In order to create a playlist on Sporcle, you need to verify the email address you used during registration. Go to your
Sporcle Settings
to finish the process.
Report this User
Report this user for behavior that violates our
Community Guidelines
.
Details:
Send Report
Go to the Sporcle.com Mobile Site →
Comments